Statistics for Fulham League Players Since 2014

Click here to take the quiz!

General Stats

  • This quiz has been taken 9 times
  • The average score is 157 of 292

Answer Stats

% Correct
2022/23 (Premier League - 10th)SerbiaST27Aleksandar Mitrovic2414
100%
2017/18 (Championship - 3rd)SerbiaST22Aleksandar Mitrovic1712
100%
2021/22 (Championship - 1st)SerbiaST26Aleksandar Mitrovic4443
100%
2023/24 (Premier League)SerbiaST29Aleksandar Mitrovic1
100%
2020/21 (Premier League - 18th)SerbiaST25Aleksandar Mitrovic273
100%
2019/20 (Championship - 4th)SerbiaST24Aleksandar Mitrovic4026
100%
2018/19 (Premier League - 19th)SerbiaST23Aleksandar Mitrovic3711
100%
2023/24 (Premier League)AlbaniaST22Armando Broja6
100%
2022/23 (Premier League - 10th)GermanyGK30Bernd Leno36
100%
2023/24 (Premier League)GermanyGK32Bernd Leno34
100%
2022/23 (Premier League - 10th)PortugalDM26Joao Palhinha353
100%
2023/24 (Premier League)PortugalDM28Joao Palhinha294
100%
2020/21 (Premier League - 18th)FranceGK27Alphonse Areola36
88%
2023/24 (Premier League)United StatesLB26Antonee Robinson33
88%
2022/23 (Premier League - 10th)United StatesLB24Antonee Robinson35
88%
2020/21 (Premier League - 18th)United StatesLB22Antonee Robinson28
88%
2021/22 (Championship - 1st)United StatesLB23Antonee Robinson362
88%
2022/23 (Premier League - 10th)WalesLW24Daniel James202
88%
2022/23 (Premier League - 10th)FranceCB25Issa Diop251
88%
2023/24 (Premier League)FranceCB27Issa Diop15
88%
2021/22 (Championship - 1st)Ivory CoastDM29Jean Michael Seri331
88%
2018/19 (Premier League - 19th)Ivory CoastDM26Jean Michael Seri321
88%
2019/20 (Championship - 4th)FranceCB29Maxime Le Marchand12
88%
2018/19 (Premier League - 19th)FranceCB28Maxime Le Marchand26
88%
2020/21 (Premier League - 18th)FranceCB30Maxime Le Marchand2
88%
2023/24 (Premier League)MexicoST32Raul Jimenez225
88%
2023/24 (Premier League)BelgiumRB28Timothy Castagne301
88%
2018/19 (Premier League - 19th)ScotlandCM27Tom Cairney311
88%
2021/22 (Championship - 1st)ScotlandCM30Tom Cairney263
88%
2017/18 (Championship - 3rd)ScotlandCM26Tom Cairney345
88%
2020/21 (Premier League - 18th)ScotlandCM29Tom Cairney101
88%
2019/20 (Championship - 4th)ScotlandCM28Tom Cairney398
88%
2016/17 (Championship - 6th)ScotlandCM25Tom Cairney4512
88%
2015/16 (Championship - 20th)ScotlandCM24Tom Cairney398
88%
2023/24 (Premier League)ScotlandCM33Tom Cairney301
88%
2022/23 (Premier League - 10th)ScotlandCM31Tom Cairney332
88%
2022/23 (Premier League - 10th)BrazilLW33Willian275
88%
2023/24 (Premier League)BrazilLW35Willian284
88%
2023/24 (Premier League)NigeriaAM27Alex Iwobi265
75%
2021/22 (Championship - 1st)EnglandCB27Alfie Mawson6
75%
2019/20 (Championship - 4th)EnglandCB25Alfie Mawson27
75%
2018/19 (Premier League - 19th)EnglandCB24Alfie Mawson15
75%
2023/24 (Premier League)BrazilAM28Andreas Pereira343
75%
2022/23 (Premier League - 10th)BrazilAM26Andreas Pereira334
75%
2018/19 (Premier League - 19th)GermanyLW27Andre Schurrle246
75%
2020/21 (Premier League - 18th)JamaicaAM27Bobby Decordova-Reid335
75%
2019/20 (Championship - 4th)JamaicaAM26Bobby Decordova-Reid416
75%
2021/22 (Championship - 1st)JamaicaAM28Bobby Decordova-Reid418
75%
2022/23 (Premier League - 10th)JamaicaAM29Bobby Decordova-Reid364
75%
2023/24 (Premier League)JamaicaAM31Bobby Decordova-Reid296
75%
2014/15 (Championship - 17th)Costa RicaAM28Bryan Ruiz294
75%
2023/24 (Premier League)BrazilST29Carlos Vinicius132
75%
2022/23 (Premier League - 10th)BrazilST27Carlos Vinicius285
75%
2014/15 (Championship - 17th)WalesLW18George Williams14
75%
2015/16 (Championship - 20th)WalesLW19George Williams1
75%
2020/21 (Premier League - 18th)EnglandCM25Harrison Reed31
75%
2022/23 (Premier League - 10th)EnglandCM27Harrison Reed373
75%
2021/22 (Championship - 1st)EnglandCM26Harrison Reed39
75%
2019/20 (Championship - 4th)EnglandCM24Harrison Reed25
75%
2023/24 (Premier League)EnglandCM29Harrison Reed25
75%
2021/22 (Championship - 1st)WalesRW24Harry Wilson4110
75%
2023/24 (Premier League)WalesRW27Harry Wilson313
75%
2022/23 (Premier League - 10th)WalesRW25Harry Wilson292
75%
2022/23 (Premier League - 10th)EnglandST19Jay Stansfield3
75%
2019/20 (Championship - 4th)EnglandST16Jay Stansfield1
75%
2021/22 (Championship - 1st)EnglandST18Jay Stansfield1
75%
2020/21 (Premier League - 18th)DenmarkCB24Joachim Andersen311
75%
2023/24 (Premier League)NetherlandsRB28Kenny Tete131
75%
2020/21 (Premier League - 18th)NetherlandsRB24Kenny Tete22
75%
2021/22 (Championship - 1st)NetherlandsRB25Kenny Tete202
75%
2022/23 (Premier League - 10th)NetherlandsRB26Kenny Tete311
75%
2022/23 (Premier League - 10th)IsraelLW22Manor Solomon194
75%
2021/22 (Championship - 1st)WalesRB20Neco Williams142
75%
2018/19 (Premier League - 19th)EnglandLM18Ryan Sessegnon352
75%
2016/17 (Championship - 6th)EnglandLM16Ryan Sessegnon255
75%
2017/18 (Championship - 3rd)EnglandLM17Ryan Sessegnon4615
75%
2014/15 (Championship - 17th)AustraliaRM20Ryan Williams2
75%
2022/23 (Premier League - 10th)SerbiaCM25Sasa Lukic12
75%
2023/24 (Premier League)SerbiaCM27Sasa Lukic221
75%
2019/20 (Championship - 4th)EnglandRB19Steven Sessegnon14
75%
2021/22 (Championship - 1st)United StatesCB33Tim Ream461
75%
2022/23 (Premier League - 10th)United StatesCB34Tim Ream331
75%
2018/19 (Premier League - 19th)United StatesCB30Tim Ream26
75%
2019/20 (Championship - 4th)United StatesCB31Tim Ream44
75%
2015/16 (Championship - 20th)United StatesCB27Tim Ream29
75%
2020/21 (Premier League - 18th)United StatesCB32Tim Ream7
75%
2017/18 (Championship - 3rd)United StatesCB29Tim Ream441
75%
2023/24 (Premier League)United StatesCB36Tim Ream171
75%
2016/17 (Championship - 6th)United StatesCB28Tim Ream341
75%
2023/24 (Premier League)EnglandCB26Tosin Adarabioyo202
75%
2020/21 (Premier League - 18th)EnglandCB22Tosin Adarabioyo33
75%
2021/22 (Championship - 1st)EnglandCB23Tosin Adarabioyo412
75%
2022/23 (Premier League - 10th)EnglandCB24Tosin Adarabioyo251
75%
2023/24 (Premier League)SpainRW28Adama Traore141
63%
2019/20 (Championship - 4th)FranceRW27Anthony Knockaert423
63%
2021/22 (Championship - 1st)FranceRW29Anthony Knockaert4
63%
2023/24 (Premier League)NigeriaCB24Calvin Bassey251
63%
2022/23 (Premier League - 10th)PortugalRB30Cedric Soares6
63%
2020/21 (Premier League - 18th)PortugalAM17Fabio Carvalho41
63%
2021/22 (Championship - 1st)PortugalAM18Fabio Carvalho3610
63%
2021/22 (Championship - 1st)CameroonCM25Frank Anguissa3
63%
2020/21 (Premier League - 18th)CameroonCM24Frank Anguissa36
63%
2018/19 (Premier League - 19th)CameroonCM22Frank Anguissa22
63%
2019/20 (Championship - 4th)AngolaLW25Ivan Cavaleiro436
63%
2021/22 (Championship - 1st)AngolaLW27Ivan Cavaleiro182
63%
2020/21 (Premier League - 18th)AngolaLW26Ivan Cavaleiro363
63%
2021/22 (Championship - 1st)EnglandLB27Joe Bryan15
63%
2020/21 (Premier League - 18th)EnglandLB26Joe Bryan161
63%
2019/20 (Championship - 4th)EnglandLB25Joe Bryan431
63%
2018/19 (Premier League - 19th)EnglandLB24Joe Bryan28
63%
2019/20 (Championship - 4th)ScotlandDM30Kevin McDonald16
63%
2017/18 (Championship - 3rd)ScotlandDM28Kevin McDonald423
63%
2018/19 (Premier League - 19th)ScotlandDM29Kevin McDonald15
63%
2016/17 (Championship - 6th)ScotlandDM27Kevin McDonald433
63%
2018/19 (Premier League - 19th)SerbiaRW24Lazar Markovic1
63%
2022/23 (Premier League - 10th)WalesAM17Luke Harris3
63%
2023/24 (Premier League)WalesAM19Luke Harris1
63%
2019/20 (Championship - 4th)EnglandGK27Marcus Bettinelli14
63%
2017/18 (Championship - 3rd)EnglandGK25Marcus Bettinelli26
63%
2014/15 (Championship - 17th)EnglandGK22Marcus Bettinelli39
63%
2015/16 (Championship - 20th)EnglandGK23Marcus Bettinelli11
63%
2018/19 (Premier League - 19th)EnglandGK26Marcus Bettinelli7
63%
2016/17 (Championship - 6th)EnglandGK24Marcus Bettinelli6
63%
2019/20 (Championship - 4th)SlovakiaGK22Marek Rodak33
63%
2020/21 (Premier League - 18th)SlovakiaGK23Marek Rodak2
63%
2021/22 (Championship - 1st)SlovakiaGK24Marek Rodak33
63%
2022/23 (Premier League - 10th)SlovakiaGK25Marek Rodak2
63%
2020/21 (Premier League - 18th)GabonDM26Mario Lemina281
63%
2014/15 (Championship - 17th)EnglandST25Matt Smith155
63%
2016/17 (Championship - 6th)EnglandST27Matt Smith162
63%
2015/16 (Championship - 20th)EnglandST26Matt Smith202
63%
2015/16 (Championship - 20th)FranceST18Moussa Dembele4315
63%
2014/15 (Championship - 17th)FranceST17Moussa Dembele11
63%
2020/21 (Premier League - 18th)DR CongoLW28Neeskens Kebano5
63%
2018/19 (Premier League - 19th)DR CongoLW26Neeskens Kebano7
63%
2021/22 (Championship - 1st)DR CongoLW29Neeskens Kebano409
63%
2017/18 (Championship - 3rd)DR CongoLW25Neeskens Kebano263
63%
2022/23 (Premier League - 10th)DR CongoLW30Neeskens Kebano17
63%
2016/17 (Championship - 6th)DR CongoLW24Neeskens Kebano286
63%
2019/20 (Championship - 4th)DR CongoLW27Neeskens Kebano163
63%
2020/21 (Premier League - 18th)NigeriaRB23Ola Aina312
63%
2021/22 (Championship - 1st)ArgentinaGK29Paulo Gazzaniga13
63%
2021/22 (Championship - 1st)BrazilST20Rodrigo Muniz255
63%
2023/24 (Premier League)BrazilST22Rodrigo Muniz228
63%
2014/15 (Championship - 17th)ScotlandSS27Ross McCormack4417
63%
2015/16 (Championship - 20th)ScotlandSS28Ross McCormack4521
63%
2018/19 (Premier League - 19th)SpainGK24Sergio Rico29
63%
2019/20 (Championship - 4th)NorwayCM28Stefan Johansen33
63%
2018/19 (Premier League - 19th)NorwayCM27Stefan Johansen12
63%
2017/18 (Championship - 3rd)NorwayCM26Stefan Johansen458
63%
2016/17 (Championship - 6th)NorwayCM26Stefan Johansen3611
63%
2020/21 (Premier League - 18th)MauritaniaST25Aboubakar Kamara11
50%
2017/18 (Championship - 3rd)MauritaniaST22Aboubakar Kamara307
50%
2021/22 (Championship - 1st)MauritaniaST26Aboubakar Kamara1
50%
2018/19 (Premier League - 19th)MauritaniaST23Aboubakar Kamara133
50%
2019/20 (Championship - 4th)MauritaniaST24Aboubakar Kamara254
50%
2018/19 (Premier League - 19th)EnglandCB23Calum Chambers312
50%
2016/17 (Championship - 6th)ScotlandST27Chris Martin3110
50%
2017/18 (Championship - 3rd)IrelandRB24Cyrus Christie5
50%
2018/19 (Premier League - 19th)IrelandRB25Cyrus Christie28
50%
2019/20 (Championship - 4th)IrelandRB26Cyrus Christie241
50%
2017/18 (Championship - 3rd)GhanaRB29Denis Odoi381
50%
2016/17 (Championship - 6th)GhanaRB28Denis Odoi302
50%
2021/22 (Championship - 1st)GhanaRB33Denis Odoi181
50%
2019/20 (Championship - 4th)GhanaRB31Denis Odoi34
50%
2018/19 (Premier League - 19th)GhanaRB30Denis Odoi31
50%
2020/21 (Premier League - 18th)GhanaRB32Denis Odoi3
50%
2018/19 (Premier League - 19th)SpainGK30Fabricio Agosto2
50%
2018/19 (Premier League - 19th)TogoLW29Floyd Ayite161
50%
2019/20 (Championship - 4th)TogoLW30Floyd Ayite1
50%
2016/17 (Championship - 6th)TogoLW27Floyd Ayite319
50%
2017/18 (Championship - 3rd)TogoLW28Floyd Ayite284
50%
2023/24 (Premier League)SenegalLB27Fode Ballo-Toure5
50%
2014/15 (Championship - 17th)HungaryGK38Gabor Kiraly4
50%
2018/19 (Premier League - 19th)EnglandAM15Harvey Elliott2
50%
2014/15 (Championship - 17th)ColombiaST28Hugo Rodallega3310
50%
2014/15 (Championship - 17th)WalesRB23Jazz Richards14
50%
2015/16 (Championship - 20th)WalesRB24Jazz Richards22
50%
2022/23 (Premier League - 10th)FranceLB29Kayvin Kurzawa3
50%
2022/23 (Premier League - 10th)SwitzerlandRB27Kevin Mbabu6
50%
2018/19 (Premier League - 19th)ArgentinaST24Luciano Vietto201
50%
2022/23 (Premier League - 10th)EnglandDM27Nathaniel Chalobah4
50%
2021/22 (Championship - 1st)EnglandDM26Nathaniel Chalobah20
50%
2017/18 (Championship - 3rd)Northern IrelandCM26Oliver Norwood365
50%
2016/17 (Championship - 6th)IcelandCB30Ragnar Sigurdsson171
50%
2018/19 (Premier League - 19th)NetherlandsLW31Ryan Babel165
50%
2016/17 (Championship - 6th)EnglandRB23Ryan Fredericks30
50%
2015/16 (Championship - 20th)EnglandRB22Ryan Fredericks32
50%
2017/18 (Championship - 3rd)EnglandRB24Ryan Fredericks44
50%
2016/17 (Championship - 6th)EnglandLB25Scott Malone366
50%
2016/17 (Championship - 6th)EnglandCM35Scott Parker29
50%
2014/15 (Championship - 17th)EnglandCM33Scott Parker373
50%
2015/16 (Championship - 20th)EnglandCM34Scott Parker241
50%
2022/23 (Premier League - 10th)IrelandCB30Shane Duffy5
50%
2016/17 (Championship - 6th)Czech RepublicCB23Tomas Kalas361
50%
2017/18 (Championship - 3rd)Czech RepublicCB24Tomas Kalas33
50%
2021/22 (Championship - 1st)AustraliaCM20Tyrese Francois2
50%
2020/21 (Premier League - 18th)AustraliaCM19Tyrese Francois1
50%
2022/23 (Premier League - 10th)AustraliaCM21Tyrese Francois1
50%
2020/21 (Premier League - 18th)NigeriaSS22Ademola Lookman344
38%
2014/15 (Championship - 17th)NetherlandsAM21Chris David5
38%
2016/17 (Championship - 6th)EnglandGK27David Button40
38%
2017/18 (Championship - 3rd)EnglandGK28David Button20
38%
2015/16 (Championship - 20th)United StatesCM19Emerson Hyndman161
38%
2014/15 (Championship - 17th)United StatesCM18Emerson Hyndman9
38%
2015/16 (Championship - 20th)VenezuelaCB30Fernando Amorebieta14
38%
2014/15 (Championship - 17th)VenezuelaCB29Fernando Amorebieta71
38%
2019/20 (Championship - 4th)IrelandCM29Harry Arter282
38%
2018/19 (Premier League - 19th)GuineaDM24Ibrahima Cisse3
38%
2017/18 (Championship - 3rd)GuineaDM23Ibrahima Cisse6
38%
2020/21 (Premier League - 18th)NigeriaST21Josh Maja153
38%
2014/15 (Championship - 17th)GreeceLB20Konstantinos Stafylidis38
38%
2017/18 (Championship - 3rd)United StatesCM19Luca de la Torre5
38%
2019/20 (Championship - 4th)United StatesCM21Luca de la Torre2
38%
2016/17 (Championship - 6th)BrazilAM22Lucas Piazon295
38%
2017/18 (Championship - 3rd)BrazilAM23Lucas Piazon225
38%
2020/21 (Premier League - 18th)JamaicaCB27Michael Hector4
38%
2021/22 (Championship - 1st)JamaicaCB28Michael Hector4
38%
2019/20 (Championship - 4th)JamaicaCB26Michael Hector20
38%
2014/15 (Championship - 17th)EnglandRW17Patrick Roberts17
38%
2017/18 (Championship - 3rd)PortugalLB22Rafa Soares3
38%
2020/21 (Premier League - 18th)EnglandCM24Ruben Loftus-Cheek301
38%
2016/17 (Championship - 6th)NigeriaRW27Sone Aluko458
38%
2017/18 (Championship - 3rd)NigeriaRW28Sone Aluko4
38%
2018/19 (Premier League - 19th)NetherlandsRB20Timothy Fosu-Mensah12
38%
2015/16 (Championship - 20th)SwitzerlandRW23Alexander Kacaniklic233
25%
2014/15 (Championship - 17th)SwedenRW22Alexander Kacaniklic142
25%
2015/16 (Championship - 20th)EnglandST20Cauley Woodrow144
25%
2016/17 (Championship - 6th)EnglandST21Cauley Woodrow5
25%
2014/15 (Championship - 17th)EnglandST19Cauley Woodrow293
25%
2015/16 (Championship - 20th)Northern IrelandDM33Chris Baird7
25%
2014/15 (Championship - 17th)EnglandLB22Dan Burn201
25%
2015/16 (Championship - 20th)EnglandLB23Dan Burn32
25%
2018/19 (Premier League - 19th)NorwayDM28Havard Nordtveit5
25%
2014/15 (Championship - 17th)ScotlandRB20Jack Grimmer13
25%
2015/16 (Championship - 20th)EnglandCM28Jamie O'Hara371
25%
2014/15 (Championship - 17th)FinlandGK21Jesse Joronen4
25%
2022/23 (Premier League - 10th)EnglandCM25Josh Onomah2
25%
2020/21 (Premier League - 18th)EnglandCM23Josh Onomah11
25%
2019/20 (Championship - 4th)EnglandCM22Josh Onomah313
25%
2021/22 (Championship - 1st)EnglandCM24Josh Onomah201
25%
2014/15 (Championship - 17th)SwitzerlandLB27Kay Voser3
25%
2015/16 (Championship - 20th)SwitzerlandLB28Kay Voser7
25%
2015/16 (Championship - 20th)EnglandLB22Luke Garbutt251
25%
2017/18 (Championship - 3rd)Guinea-BissauCB23Marcelo Djalo2
25%
2014/15 (Championship - 17th)BulgariaCB28Nikolay Bodurov381
25%
2015/16 (Championship - 20th)BulgariaCB29Nikolay Bodurov3
25%
2017/18 (Championship - 3rd)PortugalST27Rui Fonte273
25%
2014/15 (Championship - 17th)EnglandCM21Ryan Tunnicliffe22
25%
2015/16 (Championship - 20th)EnglandCM22Ryan Tunnicliffe272
25%
2016/17 (Championship - 6th)EnglandCM23Ryan Tunnicliffe7
25%
2019/20 (Championship - 4th)BulgariaLW17Sylvester Jasper2
25%
2019/20 (Championship - 4th)NetherlandsCB25Terence Kongolo1
25%
2020/21 (Premier League - 18th)NetherlandsCB26Terence Kongolo1
25%
2014/15 (Championship - 17th)GermanyCB29Tim Hoogland254
25%
2014/15 (Championship - 17th)AustraliaCB18Cameron Burgess4
13%
2016/17 (Championship - 6th)Ivory CoastLW25Cyriac91
13%
2021/22 (Championship - 1st)PortugalCM21Domingos Quina2
13%
2015/16 (Championship - 20th)EnglandLB21James Husband12
13%
2014/15 (Championship - 17th)EnglandLB20James Husband5
13%
2015/16 (Championship - 20th)EnglandGK27Joe Lewis8
13%
2016/17 (Championship - 6th)SpainCM25Jozabed Sanchez7
13%
2014/15 (Championship - 17th)DenmarkCM19Lasse Vigen255
13%
2016/17 (Championship - 6th)DenmarkCM21Lasse Vigen4
13%
2015/16 (Championship - 20th)DenmarkCM20Lasse Vigen271
13%
2014/15 (Championship - 17th)ScotlandCM30Mark Fotheringham2
13%
2019/20 (Championship - 4th)DenmarkCM18Matt O'Riley1
13%
2017/18 (Championship - 3rd)EnglandLB21Matt Targett181
13%
2015/16 (Championship - 20th)AustriaCB27Michael Madl132
13%
2016/17 (Championship - 6th)AustriaCB28Michael Madl16
13%
2014/15 (Championship - 17th)EnglandCB30Michael Turner91
13%
2015/16 (Championship - 20th)EnglandCB27Richard Stearman29
13%
2015/16 (Championship - 20th)MontserratDM22Rohan Ince101
13%
2015/16 (Championship - 20th)FinlandDM25Sakari Mattila6
13%
2014/15 (Championship - 17th)Ivory CoastCM19Seko Fofana211
13%
2014/15 (Championship - 17th)EnglandCB23Shaun Hutchinson252
13%
2015/16 (Championship - 20th)EnglandCB24Shaun Hutchinson9
13%
2017/18 (Championship - 3rd)EnglandRW20Sheyi Ojo224
13%
2017/18 (Championship - 3rd)FranceRW27Yohan Mollo6
13%
2014/15 (Championship - 17th)MoroccoRW26Adil Chihi1
0%
2015/16 (Championship - 20th)EnglandGK31Andy Lonergan29
0%
2015/16 (Championship - 20th)EnglandLM25Ben Pringle152
0%
2014/15 (Championship - 17th)EnglandCM27Danny Guthrie6
0%
2016/17 (Championship - 6th)EnglandCM17Dennis Adeniran1
0%
2014/15 (Championship - 17th)MontenegroRB27Elsad Zverotic10
0%
2017/18 (Championship - 3rd)EnglandRW22Jordan Graham3
0%
2014/15 (Championship - 17th)IrelandLB20Sean Kavanagh191
0%
2015/16 (Championship - 20th)IrelandLB21Sean Kavanagh2
0%
2016/17 (Championship - 6th)EnglandST18Stephen Humphrys2
0%
2017/18 (Championship - 3rd)EnglandLB19Tayo Edun2
0%
2014/15 (Championship - 17th)GermanyCM21Thomas Eisfeld7
0%
2015/16 (Championship - 20th)MoroccoAM22Zakaria Labyad2
0%

Score Distribution

Percentile by Number Answered

Percent of People with Each Score

Your Score History

You have not taken this quiz